000 01028nam a2200289 a 4500
001 BRCA_29
005 20190320202842.0
008 951030s1996 caua#####b---#001-0#eng-#
020 _a0892362502 (cloth)
020 _a0892363983 (paper)
040 _aDLC
_cDLC
_dDLC
041 _aeng
044 _acau
050 4 _aN8555
_b.H57 1996
245 1 0 _aHistorical and Philosophical Issues in the Conservation of Cultural Heritage
_cedited by Nicholas Stanley Price, M. Kirby Talley, Jr., Alessandra Melucco Vaccaro.
260 _aLos Angeles
_bThe Getty Conservation Institute
_cc1996
300 _axvii, 500 p.
_bil. (algunas a color)
_c26 cm.
440 0 _aReadings in Conservation
_9137
500 _aIncluye índice
504 _aBibliografía : p. 451-471
650 1 4 _aArte
_xConsevación y restauración
_9138
650 1 4 _aArquitectura
_xConservación y restauración
_9139
700 1 _aStanley Price, Nicholas
_9140
700 1 _aTalley, M. Kirby
_9141
700 1 _aMelucco Vaccaro, Alessandra
_9142
942 _2lcc
_cB
999 _c29
_d29